| 000 | 00524nam a22001937a 4500 | ||
|---|---|---|---|
| 003 | OSt | ||
| 005 | 20250522104133.0 | ||
| 008 | 250522b |||||||| |||| 00| 0 eng d | ||
| 020 | _a978-81-264-7748-7 | ||
| 040 | _cSBCL | ||
| 082 |
_a920 _bNIS-O |
||
| 100 | _aNisanth,Deepa | ||
| 245 | _aOttamarappeythu | ||
| 250 | _a15th ed. | ||
| 260 |
_aKottayam _bDC Books _c2025 |
||
| 300 | _a136p. | ||
| 650 |
_2Literature & rhetoric _aLiteratures of other languages _vAltaic, Uralic, Hyperborean & Dravidian |
||
| 942 | _cBOOK | ||
| 999 |
_c136959 _d136959 |
||